Catálogo

Vista normal Vista MARC

Entrada Personal Name

Número de registros utilizados en: 2

001 - CONTROL NUMBER

  • control field: 17449

003 - CONTROL NUMBER IDENTIFIER

  • control field: DLC

005 - DATE AND TIME OF LATEST TRANSACTION

  • control field: 20250910152418.0

008 - FIXED-LENGTH DATA ELEMENTS

  • fixed length control field: 850913n| azannaabn |b aaa

010 ## - LIBRARY OF CONGRESS CONTROL NUMBER

  • LC control number: n 85179035
  • Canceled/invalid LC control number: no2006135854

024 7# - OTHER STANDARD IDENTIFIER

  • Standard number or code: 0000000120954619
  • Source of number or code: isni

035 ## - SYSTEM CONTROL NUMBER

  • System control number: (OCoLC)oca01429068

040 ## - CATALOGING SOURCE

  • Original cataloging agency: DLC
  • Language of cataloging: spa
  • Description conventions: rda
  • Transcribing agency: Mx-PuUPA
  • Modifying agency: DLC
  • Modifying agency: OCoLC
  • Modifying agency: WU
  • Modifying agency: UPB
  • Modifying agency: ICU
  • Modifying agency: DLC
  • Modifying agency: GVaS
  • Modifying agency: NL-TiUL
  • Modifying agency: OCoLC
  • Modifying agency: DLC
  • Modifying agency: NL-TiUL
  • Modifying agency: Mx-PuUPA

046 ## - SPECIAL CODED DATES

  • Birth date: 1949
  • Source of date scheme: edtf

100 1# - HEADING--PERSONAL NAME

  • Personal name: Žižek, Slavoj,
  • Dates associated with a name: 1949-

370 ## - ASSOCIATED PLACE

  • Associated country: Slovenia
  • Associated country: Gran Bretaña
  • Associated country: Estados Unidos
  • Place of residence/headquarters: Ljubljana (Slovenia)
  • Source of term: naf

372 ## - FIELD OF ACTIVITY

  • Field of activity: Educación superior
  • Field of activity: Cultura--Estudio y enseñanza
  • Field of activity: Crítica
  • Source of term: lcsh

373 ## - ASSOCIATED GROUP

  • Associated group: Universidad de Liubliana
  • Source of term: naf

373 ## - ASSOCIATED GROUP

  • Associated group: Colegio Birkbeck
  • Source of term: naf

373 ## - ASSOCIATED GROUP

  • Associated group: Nueva Escuela de Investigación Social (Nueva York, N.Y.: 1919-1997)
  • Source of term: naf

373 ## - ASSOCIATED GROUP

  • Associated group: Universidad Nueva Escuela
  • Source of term: naf

374 ## - OCCUPATION

  • Occupation: Profesor universitario
  • Occupation: Crítico
  • Occupation: Autor
  • Source of term: lcsh

375 ## - GENDER

  • Gender: hombre

377 ## - ASSOCIATED LANGUAGE

  • Language code: eng

400 1# - SEE FROM TRACING--PERSONAL NAME

  • Personal name: זיזיק סלבוי

400 1# - SEE FROM TRACING--PERSONAL NAME

  • Personal name: זעזק סבוי

400 1# - SEE FROM TRACING--PERSONAL NAME

  • Personal name: ז׳יז׳ק, סלבוי

400 1# - SEE FROM TRACING--PERSONAL NAME

  • Personal name: スラヴォイ・ジジェク

400 1# - SEE FROM TRACING--PERSONAL NAME

  • Personal name: Zhizhek, Slavoĭ
  • Dates associated with a name: 1949-

400 1# - SEE FROM TRACING--PERSONAL NAME

  • Personal name: Жижек, Славой

400 1# - SEE FROM TRACING--PERSONAL NAME

  • Personal name: Qizeke, Silawore
  • Dates associated with a name: 1949-

510 2# - SEE ALSO FROM TRACING--CORPORATE NAME

  • Control subfield: r
  • Relationship information: Employer:
  • Corporate name or jurisdiction name as entry element: Univerza v Ljubljani

670 ## - SOURCE DATA FOUND

  • Source citation: Zgodovina in nezavedno, 1982:
  • Information found: t.p. (Slavoj Žižek)

670 ## - SOURCE DATA FOUND

  • Source citation: LC data base, 9-11-85
  • Information found: (hdg.: Žižek, Slavoj)

670 ## - SOURCE DATA FOUND

  • Source citation: Sublime object of ideology, 1989:
  • Information found: CIP t.p. (Slavoj Žižek) data sheet (b. 1949)

670 ## - SOURCE DATA FOUND

  • Source citation: 13 opytov o Lenine, 2003:
  • Information found: t.p. (Славой Жижек = Slavoĭ Zhizhek)

670 ## - SOURCE DATA FOUND

  • Source citation: Yi shi xing tai de chong gao ke ti, 2014:
  • Information found: t.p. (斯拉沃热·齐泽克 = Silawore·Qizeke = Slavoj Žižek)

670 ## - SOURCE DATA FOUND

  • Source citation: The history of animals, 2018:
  • Information found: title page (introduction by Slavoj Žižek)

670 ## - SOURCE DATA FOUND

  • Source citation: Amazon.com viewed October 16, 2019
  • Information found: (Slavoj Žižek is one of the world's leading contemporary cultural critics and a hugely prolific author. He is Professor of Cultural Studies at the University of Ljubljana, Slovenia, international director of the Birkbeck Institute for the Humanities, UK, and Visiting Professor at the New School for Social Research, New York, USA)
  • Uniform Resource Identifier: https://www.amazon.com/History-Animals-Philosophy-Oxana-Timofeeva/dp/1350012017